1283 1984 1845 1908 1556 1597 1128 1055 1008 1985 1050 1003 1091 1496 1990 1108 1497 1409 1101 1662 1950 1354 1383 1112 1101 1551 1590 1831 1366 1673 1680 1629 1874 1517 1356 1633 1438 1383 1397 1212 1592 1650 1318 1863 1808 1040 1317 1664 1708 1166 1360 1369 1786 1620 1247 1681 1596 1020 1812 1599 1420 1107 1308 1928 1953 1080 1893 1111 1201 1862 1564 1287 1874 1075 1191 1305 1313 1348 1183 1638 1370 1448 1167 1942 1292 1817 1346 1016 1411 1907 1766 1214 1625 1700 1838 1944 1056 1471 1953 BCNSPRNW ULIB Ver.6.0+V

เปลี่ยนเป็นภาษาไทย

Change to English
 แสดงรายละเอียดบรรณานุกรม
  กลับหน้าหลัก

Brief Record : Get Marc (ISO 2709) : E-mail record : QR code < ปิดหน้าต่าง
LEADER : 00000nam 2200000uu 4500
001    13399107848
003     ULIB
008    110206s2553||||th 000 0 tha d
020    9786167299372
060 04 WB105^bส232ต 2553
245 00 เวชศาสตร์ฉุกเฉิน /^cบรรณาธิการ, สมเกียรติ วัฒนศิริชัยกุล,ดุจเดือน สีละมาด, กานดิษฎ์ ประยงค์รัตน์
246 14 ตำราเวชศาสตร์ฉุกเฉิน
246 14 Textbook of emergency medicine
250    พิมพ์ครั้งที่ 3
260    [นครนายก] :^bโครงการตำรา คณะแพทยศาสตร์มหาวิทยาลัยศรีนครินทรวิโรฒ,^c2553
300    1142, [6] หน้า :^bภาพประกอบ ;^c22 ซม.
650  7 เวชศาสตร์ฉุกเฉิน
650  7 ภาวะฉุกเฉิน
700 0  สมเกียรติ วัฒนศิริชัยกุล,^eบรรณาธิการ
700 0  ดุจเดือน สีละมาด,^eบรรณาธิการ
700 0  กานดิษฎ์ ประยงค์รัตน์,^eบรรณาธิการ
710 2  มหาวิทยาลัยศรีนครินทรวิโรฒ. ^bคณะแพทยศาสตร์
945    ^p750^l0^i017925
945    ^p750^l0^i017926
945    ^p750^l0^i17850
945    ^p750^l0^i17851
995    เกษร
999 ^a ใช้งานได้ทุกระบบ
รายการนี้ยังไม่มีแท็ก
คุณยังไม่ได้ล็อกอิน คุณสามารถมีกิจกรรมร่วมกับเว็บไซต์ได้ แต่ต้องล็อกอินก่อน ::
  ล็อกอิน

รายการสื่อสารสนเทศ

ลำดับที่ ประเภท เลขเรียก/บาร์โค้ด สถานที่ สถานะ
1. วิทยาศาสตร์การแพทย์ และสุขภาพ
หนังสือสำรอง
สถานะ=หนังสือสำรอง
WB105 ส232ต 2553 ฉ.1 
  Barcode: 017925
ห้องสมุดวิทยาเขตสวรรค์ประชารักษ์
►นวนิยาย
บนชั้น
  ขอยืม
2. วิทยาศาสตร์การแพทย์ และสุขภาพ
วิทยาศาสตร์การแพทย์ และสุขภาพ
WB105 ส232ต 2553 ฉ.2 
  Barcode: 017926
ห้องสมุดวิทยาเขตสวรรค์ประชารักษ์
►นวนิยาย
บนชั้น
  ขอยืม

รายการใกล้เคียง
    หัวเรื่อง [เวชศาสตร์ฉุกเฉิน]
    หัวเรื่อง [ภาวะฉุกเฉิน]

BibComment


ยังไม่เคยถูกคอมเมนท์

คอมเมนท์ทรัพยากรรายการนี้
  คอมเมนท์: เวชศาสตร์ฉุกเฉิน ..


 Copyright 2026. Bcnsprnw @Library